Statistics for Generator Dash #26

Click here to take the quiz!

General Stats

  • This quiz has been taken 79 times
  • The average score is 7 of 11

Answer Stats

HintAnswer% Correct
African country (7)Algeria
91%
Car crash cushioner (6)Airbag
89%
Old Testament angel (7)Gabriel
80%
Zodiac sign (5)Libra
80%
Disney princess (5)Ariel
72%
_____ de lune (5)Clair
68%
Pesto ingredient (6)Garlic
63%
What a tabaquero makes (5)Cigar
45%
9-Letter WordALGEBRAIC
42%
Global warming casualty (7)Glacier
31%
Thoracic structure (7)Ribcage
28%

Score Distribution

Percentile by Number Answered

Percent of People with Each Score

Your Score History

You have not taken this quiz